Paroles - À la base - PLK - Statistiques

Statistiques générales
  • Ce quiz a été pris 335 fois
  • Le résultat moyen est 588 sur 953
Statistiques - réponses
% Correct
À
100%
à
100%
a
100%
base
99%
basse
99%
la
99%
99%
La
99%
le
98%
on
98%
On
98%
de
97%
les
97%
Les
97%
se
97%
battait
95%
couilles
95%
des
95%
Des
95%
dès
95%
s'en
95%
voulait
91%
me
89%
ma
87%
Grand
86%
je
86%
Je
86%
Tu
86%
tu
86%
con
85%
et
85%
Et
85%
il
85%
ces
84%
comme
84%
dis
84%
par
84%
Pas
84%
pas
84%
rien
84%
scores
84%
ventes
84%
au
83%
c'est
83%
ils
83%
Ils
83%
juste
83%
petit
83%
Petit
83%
pour
83%
qui
83%
Si
83%
si
83%
Y
83%
y
83%
grands
82%
que
82%
Coluche
81%
être
81%
connus
80%
mais
80%
tuer
80%
vont
80%
bras
79%
impressionner
79%
mal
79%
mec
79%
quand
79%
Quand
79%
vérité
79%
bizarre
78%
même
78%
Elles
77%
elles
77%
nos
77%
petites
77%
sous
77%
finir
76%
kiffent
76%
l'écran
76%
mecs
76%
n'a
76%
part
76%
rester
76%
sais
76%
changent
75%
crever
75%
leur
75%
mentalités
75%
sœurs
75%
sur
75%
sûr
75%
ballants
74%
bon
74%
réflechit
74%
seul
74%
Un
74%
un
74%
leurs
73%
es
72%
parents
72%
marrant
71%
ne
71%
seules
71%
ai
70%
complexent
70%
en
69%
En
69%
va
69%
te
68%
ta
67%
mon
66%
ramener
66%
ambition
65%
Aucune
65%
d'eau
65%
moi
65%
refusent
65%
ça
64%
Ça
64%
prends
64%
ton
63%
deux
62%
j'ai
62%
J'ai
62%
plus
61%
qu'on
61%
temps
61%
gens
60%
fais
59%
trois
59%
argent
58%
fait
58%
pillons
58%
tout
58%
aime
57%
ans
57%
C'était
57%
c'était
57%
du
57%
Du
57%
content
56%
disais
56%
frère
56%
longtemps
56%
depuis
55%
Depuis
55%
fois
55%
suis
55%
16
54%
jamais
54%
rappelles
53%
dents
52%
mes
52%
52%
Ou
52%
ou
52%
partent
52%
pleurera
52%
puis
52%
serré
52%
vida
52%
faire
51%
fumais
51%
j'étais
51%
KitKat
51%
pollen
51%
triste
51%
passe
50%
peut
50%
vie
50%
Dans
49%
dans
49%
doutes
49%
n'avait
49%
plein
49%
réfléchis
49%
s'ils
49%
choses
48%
clopes
48%
mettais
48%
seufs
48%
sors
48%
une
48%
cause
47%
Gros
47%
gros
47%
n'avais
47%
nous
47%
Nous
47%
alors
46%
aux
46%
l'habitacle
46%
monde
46%
voix
46%
force
45%
forcé
45%
gain
45%
j'enfume
45%
keuf
45%
l'épic
45%
peur
45%
d'un
44%
est
44%
perso
44%
personne
44%
bien
43%
dalle
43%
énervé
43%
frères
43%
ont
43%
tes
43%
truc
43%
vlà
43%
chauffe
42%
Cristalline
42%
détournais
42%
faut
42%
profite
42%
sans
42%
she-fla
42%
FNAC
41%
nana
41%
tombe
41%
trop
41%
Trop
41%
avec
40%
Avec
40%
n'ai
40%
voit
40%
font
39%
jaune
39%
kiffer
39%
berceau
38%
CD
38%
colle
38%
joues
38%
parle
38%
problème
38%
respecte
38%
rêve
38%
Canada
37%
caviar
37%
compte
37%
concerts
37%
dit
37%
guerrier
37%
J'aime
37%
j'aime
37%
préfère
37%
tacles
37%
batards
36%
condés
36%
devant
36%
finirai
36%
heures
36%
métier
36%
misère
36%
m'offrait
36%
profs
36%
pute
36%
sourire
36%
toi
36%
9
35%
donne
35%
GAV
35%
grand-frère
35%
l'école
35%
m'aider
35%
meuf
35%
milli
35%
n'aura
35%
n'entend
35%
pécho
35%
photos
35%
sport
35%
stup
35%
vacances
35%
aussi
34%
belle
34%
chichi
34%
concentration
34%
coups
34%
petits
34%
peut-être
34%
plancher
34%
rrain-te
34%
vite
34%
zéro
34%
côtes
33%
dira
33%
fille
33%
l'équipe
33%
lui
33%
Niveau
33%
veut
33%
avant
32%
carré
32%
cartable
32%
coma
32%
défaite
32%
défauts
32%
jeunes
32%
juges
32%
j'vais
32%
m'arrêter
32%
sape
32%
tarama
32%
aiguisé
31%
avance
31%
avis
31%
but
31%
chez
31%
confiance
31%
crois
31%
croit
31%
dehors
31%
équipe
31%
l'amour
31%
miettes
31%
mini
31%
monte
31%
poto
31%
qu'un
31%
Règlements
31%
salarié
31%
stud
31%
te-shi
31%
trancher
31%
achète
30%
d'as
30%
erre
30%
l'air
30%
million
30%
pris
30%
rond
30%
victoire
30%
bah
29%
clips
29%
défoncé
29%
dos
29%
ferme
29%
fils
29%
impulsif
29%
Joconde
29%
manque
29%
marrée
29%
n'appelle
29%
n'est
29%
n'y
29%
produit
29%
psy
29%
putain
29%
serein
29%
soucis
29%
tourne
29%
Baisse
28%
couteau
28%
d'enfance
28%
fautes
28%
forcément
28%
frérots
28%
garde
28%
gratuit
28%
j'aurais
28%
l'estime
28%
m'apaise
28%
merde
28%
paro
28%
Raikonnen
28%
riches
28%
route
28%
shtar
28%
soif
28%
t'as
28%
voir
28%
cas
27%
France
27%
j'évite
27%
qu'une
27%
s'apprend
27%
comptes
26%
d'affection
26%
eux
26%
goûter
26%
Ici
26%
j'repense
26%
marrer
26%
nage
26%
non
26%
seum
26%
tit-pe
26%
vais
26%
cogite
25%
esquive
25%
êtres
25%
faits
25%
ients-cli
25%
pendant
25%
salem
25%
sortent
25%
soulever
25%
Vivre
25%
6
24%
fond
24%
mettent
24%
musique
24%
oublié
24%
parles
24%
perdu
24%
recule
24%
re-frè
24%
roue
24%
teau-gâ
24%
vis
24%
crabes
23%
crawl
23%
l'enfance
23%
L'OPJ
23%
opères
23%
ouai
23%
raconte
23%
vient
23%
volent
23%
bouffer
22%
caleçon
22%
concu
22%
j'mets
22%
l'agua
22%
l'escrime
22%
shit
22%
Subaru
22%
Tekken
22%
chers
21%
conduis
21%
écoute
21%
pointe
21%
sin-cou
21%
t'emmerdes
21%
Valhalla
21%
vas
21%
Belvé
20%
d'occasion
20%
fort
20%
fouilles
20%
quoi
20%
35
19%
L'art
19%
rapper
19%
Rif
19%
sent
19%
vif
19%
zip
19%
abdos
18%
montagnes
18%
mourir
18%
Outillé
18%
pompes
18%
sois
18%
vaut
18%
compris
17%
d'effort
17%
Defoe
17%
détaillé
17%
n'as
17%
prix
17%
t'explique
17%
T'inquiète
17%
endort
16%
gants
16%
kick
16%
l'ASAC
16%
mets
16%
beldi
15%
coke
15%
Jermain
15%
Lee
15%
MD
15%
per-ta
15%
rimes
15%
dance
14%
récolter
14%
cartons
13%
d'Andorre
13%
déterminé
13%
diamanté
13%
cartouches
12%
Pah
12%
cement-dou
11%
m'entretenir
11%
descend
10%
remonte
10%
zet'la
10%
Eazy-E
8%
fonts
8%
Heezy
8%
beu-her
6%
ray
5%
Grrick
3%
Aucun quiz correspondant
Distribution des résultats
% des personnes avec chaque résultat
Percentile par nombre de réponses
Votre historique - résultats
Vous n’avez pas pris ce quiz